| 000 | 01534nam a2200325 c 4500 | ||
|---|---|---|---|
| 003 | BLK | ||
| 005 | 20180422112910.0 | ||
| 008 | 180410b bul|||||r ||||||| ||bul|| | ||
| 010 | _aKNG00155350000 | ||
| 040 | _aBLK | ||
| 041 |
_aBUL _cBUL |
||
| 080 |
_aТехнология на металите. Металообработване. Общи въпроси _b621.7/.9 _x _z621.7/.9 |
||
| 100 | 1 |
_aЕрликин, Людвиг Андреевич _eпърви автор _967504 |
|
| 700 | 1 |
_aПетрова, Светослава М. _eпрев. от рус. _9380391 |
|
| 139 |
_aЕрликин, Людвиг Андреевич _bЕ 78 |
||
| 245 | 1 | 0 |
_aПослушният метал _bНауч.-попул. очерк за деца и юноши _cЛюдвиг Андреевич Ерликин; прев. от рус. Светослава М. Петрова. |
| 257 | _aSUN | ||
| 260 |
_аСофия _bТехника _c1976 _fЯмбол : печ. Г. Димитров |
||
| 300 |
_a168 с. _bс черт., табл. _c20 см |
||
| 380 | _a62 | ||
| 500 | _aОриг. загл. Послушный металл. - 10 090 тир. - Предм. показалец. | ||
| 650 | 4 |
_aМеталообработка _9161986 |
|
| 653 | _aметалообработване | ||
| 653 | _aлитература за деца | ||
| 852 | _aЦб 83079 | ||
| 856 | 4 |
_qpdf _u |
|
| 856 | 4 |
_qpdf _u |
|
| 942 |
_cKNG _n0 |
||
| 944 |
_aCR _c07.01.2014 _l07.01.2014 - от С1,Р / 07.01.2014 _kДаниел_Канатов |
||
| 944 |
_aED _c07.01.2014 _l07.01.2014 - от С1,Р / 07.01.2014 _k |
||
| 999 |
_c149107 _d149107 |
||